Engine Testing : (Record no. 3989)

MARC details
000 -LEADER
fixed length control field 00646nac a22001811u 4500
008 - FIXED-LENGTH DATA ELEMENTS--GENERAL INFORMATION
fixed length control field 100905t xxu||||| |||| 00| 0 eng d
010 ## - LIBRARY OF CONGRESS CONTROL NUMBER
LC control number 94033331
020 ## - INTERNATIONAL STANDARD BOOK NUMBER
International Standard Book Number 0750616687
082 00 - DEWEY DECIMAL CLASSIFICATION NUMBER
Classification number 621.43
Item number PLI
100 ## - MAIN ENTRY--PERSONAL NAME
Personal name Plint, M. A.
9 (RLIN) 17833
245 10 - TITLE STATEMENT
Title Engine Testing :
Remainder of title Theory and Practice /
Statement of responsibility, etc Michael Plint and Anthony Martyr.
260 ## - PUBLICATION, DISTRIBUTION, ETC. (IMPRINT)
Place of publication, distribution, etc Oxford ;
-- Boston :
Name of publisher, distributor, etc Butterworth-Heinemann,1995
Date of publication, distribution, etc 1995.
300 ## - PHYSICAL DESCRIPTION
Extent xiv, 295 p. :
Other physical details ill. ;
Dimensions 25 cm.
504 ## - BIBLIOGRAPHY, ETC. NOTE
Bibliography, etc Includes bibliographical references and index.
650 #0 - SUBJECT ADDED ENTRY--TOPICAL TERM
9 (RLIN) 17834
Topical term or geographic name as entry element Internal combustion engines
General subdivision Testing
700 1# - ADDED ENTRY--PERSONAL NAME
9 (RLIN) 17835
Personal name Martyr, Anthony
942 ## - ADDED ENTRY ELEMENTS (KOHA)
Item type Book - Borrowing
Call number prefix 621.43PLI
Source of classification or shelving scheme Dewey Decimal Classification
Holdings
Withdrawn status Item status Source of classification or shelving scheme Damaged status Not for loan Vendor Home library Current library Shelving location Date acquired Source of acquisition Total Checkouts Total Renewals Full call number Barcode Date last seen Date last borrowed Koha item type
    Dewey Decimal Classification       Central Library Central Library First floor 05/09/2010   1 2 621.43 PLI 000005071 15/07/2025 20/12/2014 Book - Borrowing